TRAPPING THE CUNNING FOX (Record no. 5036)

000 -LEADER
fixed length control field 00799nam a2200229 a 4500
005 - DATE AND TIME OF LATEST TRANSACTION
control field 20251009101731.0
008 - FIXED-LENGTH DATA ELEMENTS--GENERAL INFORMATION
fixed length control field 251009t 2017my ||||| |||| 00| 0 eng d
020 ## - INTERNATIONAL STANDARD BOOK NUMBER
International Standard Book Number 9780957476288
040 ## - CATALOGING SOURCE
Original cataloging agency AKMAL
082 ## - DEWEY DECIMAL CLASSIFICATION NUMBER
Classification number 158.2 TRA
090 ## - LOCALLY ASSIGNED LC-TYPE CALL NUMBER (OCLC); LOCAL CALL NUMBER (RLIN)
Classification number (OCLC) (R) ; Classification number, CALL (RLIN) (NR) 158.2
Local cutter number (OCLC) ; Book number/undivided call number, CALL (RLIN) TRA
245 #0 - TITLE STATEMENT
Title TRAPPING THE CUNNING FOX
Remainder of title Never Get Lies Again in Business, Relationships and Marriage /
Statement of responsibility, etc. Leow Chee Seng, Saiful Amin Jalun, Maisarah Ahmad, Marimuthu Nadason
264 #1 - PRODUCTION, PUBLICATION, DISTRIBUTION, MANUFACTURE, AND COPYRIGHT NOTICE
Place of production, publication, distribution, manufacture Manchester :
Name of producer, publisher, distributor, manufacturer Human Behaviour Academy Ltd.,
Date of production, publication, distribution, manufacture, or copyright notice 2017
300 ## - PHYSICAL DESCRIPTION
Extent ix, 263 pages:
Other physical details col. ill.;
Dimensions 21cm
650 10 - SUBJECT ADDED ENTRY--TOPICAL TERM
Topical term or geographic name entry element Human
General subdivision Bahaviour
9 (RLIN) 9606
650 20 - SUBJECT ADDED ENTRY--TOPICAL TERM
Topical term or geographic name entry element Truthfulness and falsehood
9 (RLIN) 9607
700 ## - ADDED ENTRY--PERSONAL NAME
Personal name Leow, Chee Seng
9 (RLIN) 9605
700 ## - ADDED ENTRY--PERSONAL NAME
Personal name Maisarah Ahmad
9 (RLIN) 9608
700 ## - ADDED ENTRY--PERSONAL NAME
Personal name Marimuthu Nadason
9 (RLIN) 9609
700 ## - ADDED ENTRY--PERSONAL NAME
Personal name Saiful Amin Jalun
9 (RLIN) 9610
942 ## - ADDED ENTRY ELEMENTS (KOHA)
Source of classification or shelving scheme
Koha item type Book
Holdings
Withdrawn status Lost status Source of classification or shelving scheme Damaged status Not for loan Collection code Home library Current library Shelving location Date acquired Source of acquisition Total Checkouts Full call number Barcode Date last seen Price effective from Koha item type
          NON-FICTION AKMAL Melaka AKMAL Melaka PINJAMAN 09.10.2025 Sumbangan   158.2 TRA 201708300 09.10.2025 09.10.2025 Book
Pusat Sumber Maklumat Dato' Haji Sarmin Md Hussin, Akademi Kastam Diraja Malaysia, Melaka
Tel: 06-2331106 | Faks: 06-2313787